| 000 | 00000nam##2200000za#4500 |
| 001 | 9.576360 |
| 003 | CaOODSP |
| 005 | 20210624185113 |
| 007 | cr ||||||||||| |
| 008 | 150406|1981||||xxc|||||o f|0| 0 eng|d |
| 040 | |aCaOODSP|beng |
| 043 | |an-cn--- |
| 086 | 1 |aFs97-13/290E-PDF |
| 110 | 1 |aCanada. |bDepartment of Fisheries and Oceans. |
| 245 | 10|aSpecies composition and seasonal abundance of zooplankton in Lake 223, Experimental Lakes Area, northwestern Ontario – before and during acidification, 1974-1979 / |h[electronic resource]|cby P.S.S. Chang
[et al.]. |
| 260 | |aWinnipeg - Manitoba : |bFisheries and Oceans Canada |c1981. |
| 300 | |a46p.|bfig., references, tables |
| 490 | 1 |aCanadian data report of fisheries and aquatic sciences|vNo. 290 |
| 500 | |aOn t.p.: Western Region, Winnipeg, Manitoba. Catalogue number of the print edition appears in the PDF version. |
| 546 | |a(Résumé en français) |
| 590 | |a13-12-Supp|b2013-05-10 |
| 720 | 1 |aChang, P. S. S. |
| 830 | #0|aCanadian data report of fisheries and aquatic sciences ;|vNo. 290|w(CaOODSP)9.505124 |
| 856 | 40|ahttp://publications.gc.ca|qPDF|s1028 KB|uhttps://publications.gc.ca/collections/collection_2013/mpo-dfo/Fs97-13-290-eng.pdf|yNo. 290 |